<?xml version="1.0" encoding="UTF-8"?><?xml-stylesheet type="text/xsl" href="static/style.xsl"?><OAI-PMH xmlns="http://www.openarchives.org/OAI/2.0/" xmlns:xsi="http://www.w3.org/2001/XMLSchema-instance" xsi:schemaLocation="http://www.openarchives.org/OAI/2.0/ http://www.openarchives.org/OAI/2.0/OAI-PMH.xsd"><responseDate>2026-04-13T15:13:46Z</responseDate><request verb="GetRecord" identifier="oai:www.recercat.cat:10256/22121" metadataPrefix="marc">https://recercat.cat/oai/request</request><GetRecord><record><header><identifier>oai:recercat.cat:10256/22121</identifier><datestamp>2024-06-18T13:57:49Z</datestamp><setSpec>com_2072_452955</setSpec><setSpec>com_2072_2054</setSpec><setSpec>col_2072_453073</setSpec></header><metadata><record xmlns="http://www.loc.gov/MARC21/slim" xmlns:dcterms="http://purl.org/dc/terms/" xmlns:xsi="http://www.w3.org/2001/XMLSchema-instance" xmlns:doc="http://www.lyncode.com/xoai" xsi:schemaLocation="http://www.loc.gov/MARC21/slim http://www.loc.gov/standards/marcxml/schema/MARC21slim.xsd">
   <leader>00925njm 22002777a 4500</leader>
   <datafield ind2=" " ind1=" " tag="042">
      <subfield code="a">dc</subfield>
   </datafield>
   <datafield ind2=" " ind1=" " tag="720">
      <subfield code="a">Escayola Gordils, Sílvia</subfield>
      <subfield code="e">author</subfield>
   </datafield>
   <datafield ind2=" " ind1=" " tag="720">
      <subfield code="a">Proos Vedin, Nathalie</subfield>
      <subfield code="e">author</subfield>
   </datafield>
   <datafield ind2=" " ind1=" " tag="720">
      <subfield code="a">Poater Teixidor, Albert</subfield>
      <subfield code="e">author</subfield>
   </datafield>
   <datafield ind2=" " ind1=" " tag="720">
      <subfield code="a">Ottosson, Henrik</subfield>
      <subfield code="e">author</subfield>
   </datafield>
   <datafield ind2=" " ind1=" " tag="720">
      <subfield code="a">Solà i Puig, Miquel</subfield>
      <subfield code="e">author</subfield>
   </datafield>
   <datafield ind2=" " ind1=" " tag="260">
      <subfield code="c">2023-01</subfield>
   </datafield>
   <datafield ind2=" " ind1=" " tag="520">
      <subfield code="a">Besides the most common form of aromaticity involving a π-ring, hexaiodobenzene and hexakis(phenylselenyl)benzene dications also present σ-aromaticity in the outer ring formed by the main group substituents. These two compounds are considered σ- and π-double aromatic, and their characterization is of special interest to the fields of organic and structural chemistry. In this work, we decided to explore the double aromaticity in substituted tropylium cations for three reasons: (i) the seven neutral halogen substituents of the tropylium cations will, without oxidation, lead to 14 σ-electrons (a 4n + 2 Hückel number); (ii) tropylium cations are highly stable and can be easily generated experimentally; and (iii) whereas in substituted benzenes the distances between substituents in the optimized structures or X-ray crystals are too large to allow strong σ-aromaticity, these distances are expected to be shorter in substituted tropylium cations. Yet, instead of the expected σ-aromaticity, we found that the most stable geometries are highly puckered, meaning that delocalization in both π- and σ-systems is lost. Our results, which include also the tropylium anion and trication in the singlet and triplet state, show that there is a need to open a lone pair hole by oxidation to generate σ-aromaticity. Among the systems studied, only triplet C7Br7+3 with an internal Hückel aromatic tropylium ring and an external incipient Baird aromatic Br7 ring shows double π- and σ-aromaticity. This result, however, is functional-dependent and reveals that 3C7Br73+ is at the borderline for onset of double aromaticity</subfield>
   </datafield>
   <datafield ind2=" " ind1=" " tag="520">
      <subfield code="a">Generalitat de Catalunya. Grant Number: 2017SGR39&#xd;
Ministerio de Ciencia e Innovación. Grant Numbers: PID2020-113711GB-I00, PID2021-127423NB-I00&#xd;
Swedish Research Council. Grant Number: 2019-05618&#xd;
Universitat de Girona. Grant Number: IFUdG2019&#xd;
Swedish National Infrastructure for Computing</subfield>
   </datafield>
   <datafield ind2=" " ind1=" " tag="520">
      <subfield code="a">Open Access funding provided thanks to the CRUE-CSIC agreement with Wiley</subfield>
   </datafield>
   <datafield ind1="8" ind2=" " tag="024">
      <subfield code="a">http://hdl.handle.net/10256/22121</subfield>
   </datafield>
   <datafield tag="653" ind2=" " ind1=" ">
      <subfield code="a">Aromaticitat (Química)</subfield>
   </datafield>
   <datafield tag="653" ind2=" " ind1=" ">
      <subfield code="a">Aromaticity (Chemistry)</subfield>
   </datafield>
   <datafield tag="653" ind2=" " ind1=" ">
      <subfield code="a">Funcional de densitat, Teoria del</subfield>
   </datafield>
   <datafield tag="653" ind2=" " ind1=" ">
      <subfield code="a">Density functionals</subfield>
   </datafield>
   <datafield ind2="0" ind1="0" tag="245">
      <subfield code="a">In the quest of Hückel–Hückel and Hückel–Baird double aromatic tropylium (tri)cation and anion derivatives</subfield>
   </datafield>
</record></metadata></record></GetRecord></OAI-PMH>